| 000 | 00942nas a2200301 4500 | ||
|---|---|---|---|
| 001 | BR9901698 | ||
| 003 | BR-BrBNA | ||
| 005 | 20231205101336.0 | ||
| 007 | ta | ||
| 008 | 230509b bl.|||p| |||| 00| 00por d | ||
| 040 |
_aBR-BrBNA _bpor _cBiblioteca Nacional de Agricultura |
||
| 041 | _a(Pt) | ||
| 072 | _aL10 | ||
| 100 | 1 | _aNeves, A.L.G. | |
| 100 | 1 | _aGuimaraes, S.E.F. | |
| 100 | 1 | _aLima, R.M.G. | |
| 100 | 1 | _aPenna, L.E.L. | |
| 100 | 1 | _aPinheiro, L.E.L. | |
| 245 | 1 | _aIdentificacao dos alelos A e B da b-lactoglobulina em populacoes de bovinos da raca Gir | |
| 650 | _aGado Leiteiro | ||
| 650 | _aMelhoramento Genetico Animal | ||
| 650 | _aGene | ||
| 650 | _aGenetica Molecular | ||
| 650 | _aProducao Leiteira | ||
| 773 | 0 |
_tArquivo Brasileiro de Medicina Veterinaria e Zootecnia (Brazil) _xISSN 0102-0935 _g(Aug 1998), v. 50(4) p. 409-414 _wBR9901698 |
|
| 909 |
_a202311 _bLúcia _c55 _dLúcia Elande |
||
| 942 |
_2AGRIS _n0 _cANA |
||
| 999 |
_c161255 _d161255 |
||